00670nam a22002297a 4500003000500000005001700005008004100022010001000063011001000073035001000083040000900093082001600102100002100118245007500139260004900214300001900263490004600282650002100328650002500349700002000374830004600394CHAP20220329135234.0971013s1981 r 00010 d a33116 a34088 a38204 cCHAP a583.117bN600aNowicke, Joan W. aPollen morphology and phylogenetic relation ships of the Berberidaceae aWashington :bSmithsonian Institution,c1981 a83 p.b: ilus. aSmithsonian contributions to botanyv; 5014aBerberidáceas.14aPolenxMorfología.0 aSkyrla, John J.0 aSmithsonian contributions to botanyv; 50